[Event "Kandidatklassen 2006"]
[Site "Aalborg"]
[Date "2006.04.11"]
[Round "1"]
[White "Jacobsen, Bo"]
[Black "Rossen, Claus"]
[Result "1/2-1/2"]
[WhiteElo "2308"]
[BlackElo "2177"]
[PlyCount "100"]
[EventDate "2006.??.??"]
[SourceDate "2014.05.18"]

1. g3 d5 2. Nf3 Nf6 3. Bg2 Nc6 4. d4 Bg4 5. O-O e6 6. c4 Be7 7. Ne5 Bh5 8. Nc3
O-O 9. Bf4 Bb4 10. Rc1 Ne7 11. Qd3 c6 12. Bg5 Nd7 13. cxd5 Nxe5 14. dxe5 cxd5
15. a3 h6 16. Bd2 Ba5 17. e4 dxe4 18. Qc2 Nc6 19. Nxe4 Nd4 20. Bxa5 Qxa5 21.
Qc7 Qxc7 22. Rxc7 Rac8 23. Rxc8 Rxc8 24. Nc3 Nf3+ 25. Bxf3 Bxf3 26. Re1 g5 27.
Re3 g4 28. Rd3 Rc5 29. Re3 a5 30. a4 Kg7 31. Kf1 Kg6 32. Ke1 Kf5 33. Kd2 Rxe5
34. Rd3 Bd5 35. Rd4 Kg5 36. Nd1 Re4 37. Rxe4 Bxe4 38. Kc3 Bc6 39. b3 b5 40.
axb5 Bxb5 41. Ne3 e5 42. b4 axb4+ 43. Kxb4 Ba6 44. Kc5 f5 45. Nd5 Bb7 46. Ne7
f4 47. Kd6 e4 48. Ke5 fxg3 49. hxg3 h5 50. Nf5 Bc6 1/2-1/2

[Event "Kandidatklassen 2006"]
[Site "Aalborg"]
[Date "2006.04.11"]
[Round "1"]
[White "Brondum, Eric"]
[Black "Aabling Thomsen, Jakob"]
[Result "0-1"]
[WhiteElo "2155"]
[BlackElo "2257"]
[PlyCount "42"]
[EventDate "2006.??.??"]
[SourceDate "2014.05.18"]

1. d4 g6 2. c4 Bg7 3. Nc3 d6 4. e4 e5 5. d5 f5 6. exf5 gxf5 7. Qh5+ Kf8 8. Nf3
Nf6 9. Qh4 Na6 10. Be2 Qe8 11. O-O Qg6 12. Ng5 Rg8 13. Bd2 f4 14. Bf3 Bf5 15.
Ne6+ Kf7 16. Rfe1 Bh6 17. Rac1 Nc5 18. Nxc5 Bg5 19. Qxg5 Qxg5 20. Ne6 Qg6 21.
Nb5 Bg4 0-1

[Event "Kandidatklassen 2006"]
[Site "Aalborg"]
[Date "2006.04.11"]
[Round "1"]
[White "Nielsen, Erling Moller"]
[Black "Christensen, Bo Garner"]
[Result "0-1"]
[WhiteElo "2112"]
[BlackElo "2224"]
[PlyCount "70"]
[EventDate "2006.??.??"]
[SourceDate "2014.05.18"]

1. d4 Nf6 2. c4 g6 3. g3 Bg7 4. Bg2 O-O 5. Nc3 d6 6. Nf3 Nbd7 7. O-O e5 8. e4
Re8 9. h3 a5 10. Be3 exd4 11. Nxd4 Nc5 12. Qc2 c6 13. Rfe1 a4 14. Rad1 Nfd7 15.
b4 axb3 16. axb3 Na6 17. Na2 Qa5 18. Bd2 Qc7 19. Bc3 Nac5 20. b4 Na4 21. Ba1
Nab6 22. f4 Nf6 23. Nb3 Nxc4 24. Qxc4 Rxa2 25. Na5 Be6 26. Qd3 Qb6+ 27. Kh1
Bxh3 28. Rd2 Rxd2 29. Qxd2 Bxg2+ 30. Kxg2 Nxe4 31. Rxe4 Rxe4 32. Bxg7 Kxg7 33.
Qxd6 Re2+ 34. Kh3 Qg1 35. f5 Qf1+ 0-1

[Event "Kandidatklassen 2006"]
[Site "Aalborg"]
[Date "2006.04.11"]
[Round "1"]
[White "Pedersen, Jan Rode"]
[Black "Rhee, Alexander Kasper"]
[Result "1-0"]
[WhiteElo "2212"]
[BlackElo "2018"]
[PlyCount "65"]
[EventDate "2006.??.??"]
[SourceDate "2014.05.18"]

1. e4 c5 2. Nf3 d6 3. d4 cxd4 4. Nxd4 Nf6 5. Nc3 a6 6. a4 e6 7. Be2 Be7 8. O-O
O-O 9. Be3 Nc6 10. Kh1 Qc7 11. f4 Re8 12. Bg1 Bd7 13. Nb3 b6 14. Qd2 Na5 15.
Nxa5 bxa5 16. e5 dxe5 17. fxe5 Qxe5 18. Rxf6 Bxf6 19. Qxd7 Red8 20. Qc6 Rac8
21. Qf3 Qb8 22. Ne4 Bxb2 23. Rf1 f5 24. Nc5 Re8 25. Bxa6 Rc7 26. Bb5 Rxc5 27.
Bxc5 Rc8 28. Bf2 Rxc2 29. Qd3 Qc8 30. Bd7 Qc7 31. Bxe6+ Kh8 32. Bg3 Rc3 33.
Qxf5 1-0

[Event "Kandidatklassen 2006"]
[Site "Aalborg"]
[Date "2006.04.11"]
[Round "1"]
[White "Harholm, Jes Uffe"]
[Black "Christensen, Stefan"]
[Result "0-1"]
[WhiteElo "2174"]
[BlackElo "2288"]
[PlyCount "48"]
[EventDate "2006.??.??"]
[SourceDate "2014.05.18"]

1. d4 Nf6 2. Nc3 d5 3. Bg5 e6 4. e4 Be7 5. Bxf6 Bxf6 6. e5 Be7 7. f4 c5 8. Nce2
Qb6 9. Rb1 Qa5+ 10. c3 Qxa2 11. dxc5 Bxc5 12. Nf3 Bd7 13. Ned4 Nc6 14. Nb5 O-O
15. Nd2 Be3 16. Na3 Bxd2+ 17. Qxd2 Qb3 18. Bd3 Qb6 19. h4 f6 20. exf6 Rxf6 21.
Bc2 Raf8 22. g3 Ne7 23. Qd3 Nf5 24. Kd2 Qf2+ 0-1

[Event "Kandidatklassen 2006"]
[Site "Aalborg"]
[Date "2006.04.11"]
[Round "1"]
[White "Rendboe, John Filip"]
[Black "Bank, Pelle Rodkjaer"]
[Result "1/2-1/2"]
[WhiteElo "2179"]
[BlackElo "2309"]
[PlyCount "82"]
[EventDate "2006.??.??"]
[SourceDate "2014.05.18"]

1. c4 e5 2. Nc3 d6 3. g3 g6 4. Bg2 Bg7 5. Nf3 f5 6. d4 e4 7. Ng5 Nf6 8. O-O O-O
9. f3 h6 10. Nh3 exf3 11. exf3 g5 12. f4 g4 13. Nf2 h5 14. Re1 c6 15. Rb1 h4
16. b4 Nh5 17. Qd3 Qf6 18. Ne2 hxg3 19. hxg3 Qf7 20. d5 a5 21. dxc6 Nxc6 22. b5
Nb4 23. Qxd6 Be6 24. Bb2 Bxb2 25. Rxb2 Bxc4 26. a3 Rad8 27. Qb6 Nd5 28. Qxa5 b6
29. Qa4 Bxe2 30. Bxd5 Qxd5 31. Rbxe2 Nxg3 32. Re5 Qa2 33. Qa7 Nh5 34. Qxb6 Nxf4
35. Rxf5 Rxf5 36. Qxd8+ Kg7 37. Qe7+ Kg6 38. Qe8+ Kg5 39. Qe7+ Kg6 40. Qe8+ Kg5
41. Qe7+ Kg6 1/2-1/2

[Event "Kandidatklassen 2006"]
[Site "Aalborg"]
[Date "2006.04.11"]
[Round "1"]
[White "Hansen, Lars"]
[Black "Dyrgaard, Kristoffer"]
[Result "1/2-1/2"]
[WhiteElo "2215"]
[BlackElo "2069"]
[PlyCount "84"]
[EventDate "2006.??.??"]
[SourceDate "2014.05.18"]

1. e4 c5 2. d3 Nc6 3. g3 g6 4. Bg2 Bg7 5. f4 e6 6. Nf3 Nge7 7. O-O O-O 8. c3 d5
9. e5 f6 10. exf6 Bxf6 11. Re1 d4 12. Nbd2 dxc3 13. Ne4 Nd5 14. Nxf6+ Qxf6 15.
Ne5 Nxe5 16. Rxe5 Bd7 17. bxc3 Bc6 18. Qe1 Rad8 19. Ba3 Nxf4 20. gxf4 Bxg2 21.
Kxg2 Qxf4 22. Re3 Rd5 23. Kh1 Rg5 24. Rg3 Re5 25. Qg1 Rff5 26. Re1 b6 27. Bc1
Rxe1 28. Qxe1 Qd6 29. Kg1 Kf7 30. Qe4 Qe7 31. Rf3 Qf6 32. Rxf5 gxf5 33. Qb7+
Kg6 34. Qg2+ Kf7 35. Bd2 Qh4 36. Qb7+ Kf6 37. Qg2 Qh5 38. Qg3 e5 39. Qf2 f4 40.
Kf1 Qd1+ 41. Kg2 Qg4+ 42. Kf1 Qd1+ 1/2-1/2

[Event "Kandidatklassen 2006"]
[Site "Aalborg"]
[Date "2006.04.11"]
[Round "1"]
[White "Willumsen, Niels Henrik"]
[Black "Nikontovic, Semir"]
[Result "1-0"]
[WhiteElo "2202"]
[BlackElo "2316"]
[PlyCount "115"]
[EventDate "2006.??.??"]
[SourceDate "2014.05.18"]

1. e4 d5 2. exd5 Qxd5 3. Nc3 Qa5 4. d4 Nf6 5. Bc4 Bg4 6. Nge2 e6 7. O-O Nc6 8.
f3 Bf5 9. Bd2 O-O-O 10. Nd5 Qa4 11. Bb3 Qa6 12. Nxf6 gxf6 13. Be3 Nxd4 14. Nxd4
c5 15. Nxf5 Rxd1 16. Rfxd1 c4 17. Ng3 f5 18. c3 Qc6 19. Bc2 Bc5 20. Bxc5 Qxc5+
21. Kf1 h5 22. Ne2 h4 23. h3 Qc7 24. f4 Rg8 25. Rd2 Qc6 26. Nd4 Qc7 27. Rf2 Rd8
28. Re1 Kb8 29. Re5 Qb6 30. Bd1 Rxd4 31. cxd4 Qxd4 32. Re1 a6 33. Bh5 Qd7 34.
Rd1 Qc7 35. Rd4 c3 36. bxc3 Qxc3 37. Rfd2 f6 38. Rd7 e5 39. Kg1 Qe3+ 40. Rf2 e4
41. Bf7 Qc1+ 42. Kh2 e3 43. Re2 Qf1 44. Rb2 Qxf4+ 45. Kg1 b5 46. Bh5 Qg3 47.
Re2 Qe5 48. Rc2 Qg3 49. Rd1 Ka7 50. Bf3 Kb6 51. a4 b4 52. Rb1 Qf4 53. Rcb2 a5
54. Rc2 e2 55. Rxe2 Qd4+ 56. Kh1 Qc4 57. Rd1 b3 58. Rd6+ 1-0

[Event "Kandidatklassen 2006"]
[Site "Aalborg"]
[Date "2006.04.11"]
[Round "1"]
[White "Mikkelsen, Nikolaj"]
[Black "Peschardt, Soren"]
[Result "1-0"]
[WhiteElo "2242"]
[BlackElo "2122"]
[PlyCount "67"]
[EventDate "2006.??.??"]
[SourceDate "2014.05.18"]

1. e4 c5 2. Nf3 Nc6 3. d4 cxd4 4. Nxd4 Nf6 5. Nc3 e5 6. Ndb5 d6 7. Bg5 a6 8.
Na3 b5 9. Bxf6 gxf6 10. Nd5 f5 11. Bd3 Be6 12. O-O Bxd5 13. exd5 Ne7 14. Re1
Bg7 15. c3 O-O 16. Qh5 e4 17. Bf1 Qc8 18. Rad1 Qc5 19. Nc2 Rfe8 20. Nd4 Bxd4
21. Rxd4 Ng6 22. Qxf5 Re5 23. Qf6 Rae8 24. Re3 Qc7 25. g3 Qd7 26. Bg2 Rf5 27.
Bh3 Rxf6 28. Bxd7 Re7 29. Bc8 Rf3 30. Rdxe4 Rxe4 31. Rxe4 Rd3 32. Bxa6 Ne5 33.
Bxb5 Rxd5 34. a4 1-0

[Event "Kandidatklassen 2006"]
[Site "Aalborg"]
[Date "2006.04.11"]
[Round "1"]
[White "Hoiberg, Nina"]
[Black "Nielsen, Henning"]
[Result "0-1"]
[WhiteElo "2266"]
[BlackElo "2156"]
[PlyCount "70"]
[EventDate "2006.??.??"]
[SourceDate "2014.05.18"]

1. e4 e5 2. Nf3 Nc6 3. d4 exd4 4. Bc4 Nf6 5. e5 d5 6. Bb5 Ne4 7. Nxd4 Bd7 8.
Bxc6 bxc6 9. O-O Be7 10. f3 Ng5 11. f4 Ne4 12. Nd2 Nxd2 13. Bxd2 c5 14. Nb3 Rb8
15. f5 c4 16. Na5 O-O 17. Bc3 Bb4 18. Bxb4 Rxb4 19. Qd2 Qe7 20. Kh1 Qc5 21. a3
Rxb2 22. f6 Rfb8 23. Qg5 g6 24. Rad1 Rxc2 25. e6 Bxe6 26. Nc6 Qf8 27. Nxb8 Qxb8
28. h4 Re2 29. Rb1 Qf8 30. Rb7 h6 31. Qf4 Kh7 32. Qxc7 Re4 33. Rfb1 Qxa3 34. g3
Qf3+ 35. Kg1 Re2 0-1

[Event "Kandidatklassen 2006"]
[Site "Aalborg"]
[Date "2006.04.11"]
[Round "1"]
[White "Bonnelykke, Ole"]
[Black "Olsen, Peter Erik"]
[Result "0-1"]
[WhiteElo "2041"]
[BlackElo "2212"]
[PlyCount "75"]
[EventDate "2006.??.??"]
[SourceDate "2014.05.18"]

1. e4 c6 2. d4 d5 3. e5 c5 4. dxc5 Nc6 5. Bb5 e6 6. Be3 Nge7 7. c4 Bd7 8. Nf3
a6 9. Ba4 dxc4 10. Nc3 Nf5 11. Qe2 Nxe3 12. Qxe3 Qa5 13. O-O-O Bxc5 14. Qg5 b5
15. Bc2 Bb4 16. Qxg7 O-O-O 17. Rxd7 Kxd7 18. Qxf7+ Kc8 19. Qxe6+ Kc7 20. Be4
Ne7 21. Ng5 Rd7 22. Qf6 Rg8 23. Ne6+ Kc8 24. Nf8 Rc7 25. Nd5 c3 26. Nxc7 Kxc7
27. Rd1 Qxa2 28. Rd7+ Kc8 29. bxc3 Qa1+ 30. Kd2 Qxc3+ 31. Ke2 Rxf8 32. Qxf8+
Kxd7 33. Bf5+ Kc7 34. Qf6 a5 35. Bxh7 a4 36. Bf5 a3 37. Bh3 a2 38. Qe6 0-1

[Event "Kandidatklassen 2006"]
[Site "Aalborg"]
[Date "2006.04.11"]
[Round "1"]
[White "Thorsbro, Peter"]
[Black "Nguyen, Michael"]
[Result "1/2-1/2"]
[WhiteElo "2205"]
[BlackElo "2007"]
[PlyCount "110"]
[EventDate "2006.??.??"]
[SourceDate "2014.05.18"]

1. d4 Nf6 2. c4 e6 3. Nc3 Bb4 4. Qc2 c5 5. dxc5 O-O 6. Nf3 Na6 7. a3 Bxc3+ 8.
Qxc3 Nxc5 9. b4 Nce4 10. Qd4 b6 11. e3 Bb7 12. Be2 Rc8 13. Bb2 d5 14. Rc1 Qe7
15. O-O Rfd8 16. cxd5 Bxd5 17. Qe5 Qb7 18. Rxc8 Rxc8 19. Bd3 h6 20. h3 Bc4 21.
Bxc4 Rxc4 22. Nd4 Nd7 23. Qb5 Nd6 24. Qh5 Nf6 25. Qe5 Qd5 26. Qg3 Nfe4 27. Qf3
Nf6 28. Qe2 Rc8 29. Re1 Qc4 30. Qxc4 Nxc4 31. Rc1 Ne8 32. Rc2 Ned6 33. Bc1 e5
34. Nf3 f6 35. Nd2 Nxd2 36. Rxc8+ Nxc8 37. Bxd2 Kf7 38. e4 Nd6 39. f3 Nc4 40.
Bc1 b5 41. Kf1 Ke6 42. Ke2 a6 43. Kd3 Nb6 44. Kc2 Nc4 45. Kb3 f5 46. exf5+ Kxf5
47. Kc3 Ke6 48. a4 Kd5 49. axb5 axb5 50. g4 Nd6 51. h4 e4 52. Kd2 exf3 53. Ke3
Nc4+ 54. Kxf3 Ne5+ 55. Kg3 Nd3 1/2-1/2

[Event "Kandidatklassen 2006"]
[Site "Aalborg"]
[Date "2006.04.11"]
[Round "1"]
[White "Wiecker, Stefan"]
[Black "Jakobsen, Peter"]
[Result "1/2-1/2"]
[WhiteElo "2009"]
[BlackElo "2210"]
[PlyCount "76"]
[EventDate "2006.??.??"]
[SourceDate "2014.05.18"]

1. e4 e5 2. Nf3 Nc6 3. Bc4 Bc5 4. b4 Bxb4 5. c3 Ba5 6. d4 d6 7. Qb3 Qd7 8. O-O
Nf6 9. dxe5 Nxe4 10. Re1 d5 11. Bxd5 Nc5 12. Qc4 Bb6 13. Ng5 Ne6 14. Bxe6 fxe6
15. Ba3 Ne7 16. Qh4 c5 17. Nxh7 Kd8 18. Qe4 Kc7 19. Ng5 Nf5 20. Qe2 Qe7 21. Ne4
Bd7 22. Nbd2 Bc6 23. Rad1 Rad8 24. Qc4 Bxe4 25. Nxe4 Rxd1 26. Rxd1 Kb8 27. Nd6
Rd8 28. Qf4 g5 29. Qd2 Qg7 30. Qe2 Nxd6 31. exd6 Qxc3 32. Bb2 Qb4 33. d7 Bc7
34. Bf6 Qf4 35. Qb2 Qxh2+ 36. Kf1 Qh1+ 37. Ke2 Qh5+ 38. f3 Qh2 1/2-1/2

[Event "Kandidatklassen 2006"]
[Site "Aalborg"]
[Date "2006.04.11"]
[Round "1"]
[White "Nielsen, Steffen Slumstrup"]
[Black "Skovgaard, Peter Nicolai"]
[Result "0-1"]
[WhiteElo "2255"]
[BlackElo "2145"]
[PlyCount "82"]
[EventDate "2006.??.??"]
[SourceDate "2014.05.18"]

1. e4 c5 2. Nf3 d6 3. d4 cxd4 4. Nxd4 Nf6 5. Nc3 g6 6. Be2 Bg7 7. h4 h5 8. Bg5
Nc6 9. Nb3 Be6 10. Qd2 Rc8 11. f3 Ne5 12. O-O-O Bc4 13. f4 Bxe2 14. Qxe2 Nc4
15. Bxf6 Bxf6 16. e5 Bg7 17. Rd4 Na5 18. Nxa5 Qxa5 19. exd6 O-O 20. Rd5 Qb4 21.
dxe7 Rfe8 22. Nd1 Rxe7 23. Qd2 Qa4 24. Kb1 Kh7 25. Qd3 Qxf4 26. g3 Qg4 27. Rf1
Rcc7 28. Rf4 Qe2 29. Rf2 Qxd3 30. Rxd3 Rcd7 31. Rff3 f5 32. a4 Kh6 33. c4 Rxd3
34. Rxd3 Re4 35. b3 Rd4 36. Kc2 Rxd3 37. Kxd3 Be5 38. Ne3 Bxg3 39. Ng2 g5 40.
hxg5+ Kxg5 41. Ke3 Kg4 0-1

[Event "Kandidatklassen 2006"]
[Site "Aalborg"]
[Date "2006.04.11"]
[Round "1"]
[White "Brautsch, Soren"]
[Black "Nielsen, Jorgen Gustav"]
[Result "1-0"]
[WhiteElo "2275"]
[BlackElo "2163"]
[PlyCount "35"]
[EventDate "2006.??.??"]
[SourceDate "2014.05.18"]

1. e4 e5 2. d4 exd4 3. c3 d5 4. exd5 Qxd5 5. cxd4 Nc6 6. Nf3 Bg4 7. Be2 Bb4+ 8.
Nc3 Nf6 9. O-O Bxc3 10. bxc3 Qd6 11. Qb3 Nd8 12. Re1 Be6 13. Bb5+ c6 14. Ba3
Qd7 15. Bf1 h6 16. c4 a6 17. Rad1 b5 18. d5 1-0

[Event "Kandidatklassen 2006"]
[Site "Aalborg"]
[Date "2006.04.11"]
[Round "1"]
[White "Flindt, Thomas"]
[Black "Palm, Nikolaj"]
[Result "0-1"]
[WhiteElo "2130"]
[BlackElo "2245"]
[PlyCount "68"]
[EventDate "2006.??.??"]
[SourceDate "2014.05.18"]

1. e4 e5 2. Nf3 Nc6 3. Bb5 a6 4. Bxc6 dxc6 5. O-O Bg4 6. h3 h5 7. d3 Bxf3 8.
Qxf3 Qd7 9. Qe3 Ne7 10. f4 exf4 11. Qxf4 Ng6 12. Qf5 O-O-O 13. Be3 Qxf5 14.
Rxf5 Be7 15. Nc3 f6 16. Ne2 Bd6 17. Rb1 b6 18. b4 Kb7 19. g3 Rde8 20. Kg2 Ne7
21. Rf2 f5 22. Bd4 fxe4 23. dxe4 Ng6 24. Nc3 h4 25. Bxg7 Rhg8 26. e5 hxg3 27.
Rf7 Bxe5 28. Bxe5 Rxe5 29. Rd1 Re3 30. Nb1 Nh4+ 31. Kg1 g2 32. Nd2 Rxh3 33. Kf2
g1=Q+ 34. Rxg1 Rh2+ 0-1

[Event "Kandidatklassen 2006"]
[Site "Aalborg"]
[Date "2006.04.11"]
[Round "1"]
[White "Christensen, Tobias"]
[Black "Jorgensen, Brian Jorgen"]
[Result "1/2-1/2"]
[WhiteElo "2312"]
[BlackElo "2196"]
[PlyCount "141"]
[EventDate "2006.??.??"]
[SourceDate "2014.05.18"]

1. e4 g6 2. Nc3 Bg7 3. d3 d6 4. Be3 c5 5. Qd2 Nc6 6. g3 b5 7. Bg2 b4 8. Nd1 Rb8
9. Nf3 h6 10. d4 cxd4 11. Nxd4 Ne5 12. b3 Qc7 13. O-O Ng4 14. c4 Nxe3 15. Nxe3
Qc5 16. Nec2 Bd7 17. a3 bxa3 18. Rxa3 Bxd4 19. Qxd4 Qxd4 20. Nxd4 e5 21. Nc2
Ne7 22. Rd1 Nc8 23. Ne3 Be6 24. f4 f6 25. f5 gxf5 26. Bh3 Rh7 27. Bxf5 Bxf5 28.
Nxf5 Rb6 29. Rd3 h5 30. Kg2 Kf7 31. Kf3 Ke6 32. Ke2 a6 33. Rf3 Ne7 34. Ne3 Rh8
35. Nd5 Nxd5 36. cxd5+ Kf7 37. Rc3 Rhb8 38. Kd3 Kg6 39. Kc2 f5 40. exf5+ Kxf5
41. Ra4 Rb5 42. Rf3+ Kg6 43. Rxa6 Rxd5 44. Ra7 e4 45. Rff7 Rc5+ 46. Kb2 Rcb5
47. Rg7+ Kf6 48. Rgf7+ Ke5 49. Rfe7+ Kd5 50. Ra3 Rf8 51. Ra4 Rf2+ 52. Kc3 Rf3+
53. Kc2 Rfxb3 54. Rexe4 Rb2+ 55. Kc1 Rxh2 56. Rad4+ Kc6 57. Rd2 Rxd2 58. Kxd2
Rg5 59. Re3 d5 60. Rc3+ Kd6 61. Ra3 Rg4 62. Ra6+ Ke5 63. Rh6 Rg5 64. Ke2 Ke4
65. Rh8 d4 66. Re8+ Re5 67. Rh8 d3+ 68. Kd2 Rg5 69. Re8+ Kf3 70. Kxd3 Kxg3 71.
Ke3 1/2-1/2

[Event "Kandidatklassen 2006"]
[Site "Aalborg"]
[Date "2006.04.11"]
[Round "1"]
[White "Hjorth, Torben"]
[Black "Damm, Kasper Wilken"]
[Result "1/2-1/2"]
[WhiteElo "2161"]
[BlackElo "2268"]
[PlyCount "99"]
[EventDate "2006.??.??"]
[SourceDate "2014.05.18"]

1. e4 c5 2. Nf3 Nc6 3. d4 cxd4 4. Nxd4 Nf6 5. Nc3 e5 6. Ndb5 d6 7. Nd5 Nxd5 8.
exd5 Nb8 9. c4 Be7 10. Be2 O-O 11. O-O a6 12. Nc3 Nd7 13. Be3 f5 14. f3 Kh8 15.
Qd2 b6 16. b4 Rb8 17. Rac1 Qe8 18. c5 bxc5 19. bxc5 Nxc5 20. Bxc5 dxc5 21. d6
Bd8 22. Rfd1 Qd7 23. Qd5 Bg5 24. Rb1 Bb7 25. Qxc5 Rbc8 26. Qa7 Rf7 27. Nd5 Bxd5
28. Qxd7 Be3+ 29. Kf1 Rxd7 30. Rxd5 h6 31. Rxe5 f4 32. Rd1 g5 33. Bxa6 Rc6 34.
Re8+ Kg7 35. Re7+ Rxe7 36. dxe7 Re6 37. Rd7 Kf6 38. Bc4 Rxe7 39. Rxe7 Kxe7 40.
Ke2 Kd6 41. Kd3 Ke5 42. Bf7 Bg1 43. h3 Bf2 44. Kc4 Be1 45. a4 Bd2 46. Kb5 Kd6
47. Kb6 Be3+ 48. Kb7 Bd2 49. Kb6 Be3+ 50. Kb7 1/2-1/2

[Event "Kandidatklassen 2006"]
[Site "Aalborg"]
[Date "2006.04.12"]
[Round "2"]
[White "Rhee, Alexander Kasper"]
[Black "Brondum, Eric"]
[Result "0-1"]
[WhiteElo "2018"]
[BlackElo "2155"]
[PlyCount "82"]
[EventDate "2006.??.??"]
[SourceDate "2014.05.18"]

1. e4 c5 2. Nf3 d6 3. d4 cxd4 4. Nxd4 Nf6 5. Nc3 a6 6. Be3 Ng4 7. Bc1 Nf6 8.
Be3 Ng4 9. Bc1 Nf6 10. f3 e5 11. Nb3 Be6 12. Be3 Nbd7 13. Qd2 b5 14. O-O-O Rc8
15. Kb1 Nb6 16. Qf2 Nfd7 17. Nd5 Nxd5 18. exd5 Bf5 19. Rd2 Be7 20. h4 h5 21.
Be2 Bg6 22. Nc1 Nc5 23. Bd3 Nxd3 24. Nxd3 Rc4 25. b3 Rxh4 26. Rhd1 Bg5 27. Bb6
Qf6 28. Re2 Bxd3 29. cxd3 O-O 30. g3 Rh3 31. Qg2 Qf5 32. Re4 h4 33. gxh4 Bf4
34. Bc7 Rc8 35. Rxf4 exf4 36. Bxd6 Rg3 37. Qd2 Rxf3 38. Rg1 Rxd3 39. Rg5 Qxg5
40. Qxd3 Qg1+ 41. Kb2 Qc1# 0-1

[Event "Kandidatklassen 2006"]
[Site "Aalborg"]
[Date "2006.04.12"]
[Round "2"]
[White "Christensen, Bo Garner"]
[Black "Christensen, Tobias"]
[Result "0-1"]
[WhiteElo "2224"]
[BlackElo "2312"]
[PlyCount "37"]
[EventDate "2006.??.??"]
[SourceDate "2014.05.18"]

1. e4 e5 2. Nf3 Nc6 3. Nc3 Nf6 4. Bb5 Nd4 5. Bc4 Bc5 6. Nxe5 Qe7 7. Nd3 d5 8.
Bxd5 Nxd5 9. Nxc5 Nb4 10. Nb3 Nbxc2+ 11. Kf1 Nxb3 12. Qxc2 Nxa1 13. Qb1 Be6 14.
d3 O-O-O 15. Ke2 f5 16. Re1 fxe4 17. Nxe4 Qd7 18. Bg5 Bxa2 19. Qd1 0-1

[Event "Kandidatklassen 2006"]
[Site "Aalborg"]
[Date "2006.04.12"]
[Round "2"]
[White "Jorgensen, Brian Jorgen"]
[Black "Nikontovic, Semir"]
[Result "1/2-1/2"]
[WhiteElo "2196"]
[BlackElo "2316"]
[PlyCount "34"]
[EventDate "2006.??.??"]
[SourceDate "2014.05.18"]

1. d4 e6 2. e4 d5 3. Nc3 dxe4 4. Nxe4 Bd7 5. Nf3 Bc6 6. Bd3 Nd7 7. O-O Ngf6 8.
Qe2 Nxe4 9. Bxe4 Bxe4 10. Qxe4 c6 11. c4 Be7 12. b3 O-O 13. Bb2 a5 14. Rad1 Nf6
15. Qc2 a4 16. Ne5 Qb6 17. Rd3 Rfd8 1/2-1/2

[Event "Kandidatklassen 2006"]
[Site "Aalborg"]
[Date "2006.04.12"]
[Round "2"]
[White "Nielsen, Erling Moller"]
[Black "Harholm, Jes Uffe"]
[Result "1/2-1/2"]
[WhiteElo "2112"]
[BlackElo "2174"]
[PlyCount "112"]
[EventDate "2006.??.??"]
[SourceDate "2014.05.18"]

1. d4 f5 2. e4 fxe4 3. Nc3 Nf6 4. Bg5 Nc6 5. d5 Ne5 6. Qd4 Nf7 7. h4 g6 8. Bxf6
exf6 9. Qxe4+ Qe7 10. Qxe7+ Bxe7 11. Bc4 Nd6 12. Bb3 O-O 13. a4 a6 14. O-O-O
Kg7 15. Re1 Re8 16. Nf3 b6 17. Re2 Bb7 18. Rhe1 Bf8 19. Ne4 Rxe4 20. Rxe4 Nxe4
21. Rxe4 Bd6 22. Kd1 Kf8 23. h5 Re8 24. Rxe8+ Kxe8 25. hxg6 hxg6 26. Ke2 f5 27.
g3 Ke7 28. c4 Kf6 29. Bc2 Bc5 30. Nh4 c6 31. dxc6 Bxc6 32. f3 d5 33. cxd5 Bxd5
34. b3 Be6 35. f4 g5 36. Nf3 gxf4 37. gxf4 Bf7 38. Ne5 Bh5+ 39. Kd2 Be8 40. Ke2
b5 41. axb5 axb5 42. Kf3 Bd4 43. Nd3 Bc6+ 44. Ke2 Be4 45. Kd2 Ke6 46. Bd1 Bb6
47. Bh5 Bc7 48. Be8 b4 49. Nxb4 Bxf4+ 50. Ke2 Bd6 51. Nd3 Bd5 52. b4 f4 53. b5
Bc4 54. Bc6 Bc5 55. Be4 Bxb5 56. Kd2 Bxd3 1/2-1/2

[Event "Kandidatklassen 2006"]
[Site "Aalborg"]
[Date "2006.04.12"]
[Round "2"]
[White "Aabling Thomsen, Jakob"]
[Black "Willumsen, Niels Henrik"]
[Result "1-0"]
[WhiteElo "2257"]
[BlackElo "2202"]
[PlyCount "69"]
[EventDate "2006.??.??"]
[SourceDate "2014.05.18"]

1. e4 c5 2. Nf3 d6 3. Nc3 Nf6 4. Bc4 g6 5. e5 dxe5 6. Nxe5 e6 7. Qf3 a6 8. Ne4
Nbd7 9. Nxd7 Nxd7 10. Qc3 Rg8 11. O-O Qc7 12. Qh3 Bg7 13. d4 cxd4 14. Bg5 Nc5
15. Nd2 h5 16. Rfe1 e5 17. Qh4 Be6 18. b4 Bxc4 19. bxc5 Be6 20. Ne4 Kf8 21. Bf6
Bf5 22. Bxg7+ Rxg7 23. Nd6 Qxc5 24. Qf6 Be6 25. Ne4 Qd5 26. Ng5 Re8 27. Rxe5
Qd7 28. Rae1 Kg8 29. h4 Qd8 30. Qf3 Kh8 31. Qf4 Re7 32. Ne4 Bxa2 33. Nf6 Rxe5
34. Qh6+ Rh7 35. Qxh7# 1-0

[Event "Kandidatklassen 2006"]
[Site "Aalborg"]
[Date "2006.04.12"]
[Round "2"]
[White "Pedersen, Jan Rode"]
[Black "Brautsch, Soren"]
[Result "0-1"]
[WhiteElo "2212"]
[BlackElo "2275"]
[PlyCount "62"]
[EventDate "2006.??.??"]
[SourceDate "2014.05.18"]

1. e4 a6 2. d4 b5 3. Bd3 Bb7 4. Qe2 e6 5. Nf3 Nf6 6. O-O c5 7. c3 Nc6 8. d5 Ne7
9. d6 Ng6 10. e5 Nd5 11. Be4 f6 12. Qc2 Kf7 13. Bxg6+ hxg6 14. Nbd2 g5 15. Ne4
Nf4 16. exf6 gxf6 17. Nexg5+ fxg5 18. Ne5+ Kf6 19. Bxf4 gxf4 20. Qg6+ Kxe5 21.
Rad1 Bd5 22. c4 bxc4 23. Rfe1+ Kxd6 24. Rxd5+ Kxd5 25. Qe4+ Kd6 26. Qe5+ Kc6
27. Qxh8 Bd6 28. Qc3 Qh8 29. Qxc4 Kc7 30. b4 f3 31. g3 Qh3 0-1

[Event "Kandidatklassen 2006"]
[Site "Aalborg"]
[Date "2006.04.12"]
[Round "2"]
[White "Rendboe, John Filip"]
[Black "Jacobsen, Bo"]
[Result "0-1"]
[WhiteElo "2179"]
[BlackElo "2308"]
[PlyCount "44"]
[EventDate "2006.??.??"]
[SourceDate "2014.05.18"]

1. d4 Nf6 2. c4 c5 3. d5 e5 4. Nc3 d6 5. e4 Nbd7 6. Nf3 Be7 7. Be2 Nf8 8. O-O
Ng6 9. Re1 Bd7 10. a3 h5 11. b4 b6 12. b5 h4 13. a4 Nh5 14. Nxh4 Bxh4 15. Bxh5
Bxf2+ 16. Kxf2 Qh4+ 17. Kg1 Rxh5 18. h3 Bxh3 19. gxh3 Qg3+ 20. Kf1 Rxh3 21. Be3
Rh1+ 22. Ke2 Rh2+ 0-1

[Event "Kandidatklassen 2006"]
[Site "Aalborg"]
[Date "2006.04.12"]
[Round "2"]
[White "Nielsen, Jorgen Gustav"]
[Black "Bonnelykke, Ole"]
[Result "1-0"]
[WhiteElo "2163"]
[BlackElo "2041"]
[PlyCount "71"]
[EventDate "2006.??.??"]
[SourceDate "2014.05.18"]

1. d4 d5 2. c4 e5 3. dxe5 d4 4. Nf3 Nc6 5. a3 Bg4 6. Nbd2 Qd7 7. b4 O-O-O 8. b5
Na5 9. Qa4 b6 10. h3 Bf5 11. g4 Bg6 12. Bg2 Kb8 13. Nh4 Nb7 14. Nxg6 hxg6 15.
Qc2 d3 16. Qxd3 Qxd3 17. exd3 Nc5 18. O-O Nxd3 19. Nf3 Bc5 20. Be3 f6 21. Bxc5
bxc5 22. Rad1 Ne7 23. exf6 gxf6 24. g5 f5 25. Rd2 Nf4 26. Rxd8+ Rxd8 27. Re1
Nxg2 28. Kxg2 Nc8 29. Ne5 Rd6 30. Nc6+ Kb7 31. Re8 Rd3 32. a4 a6 33. Ne5 Rd6
34. h4 a5 35. Nc6 f4 36. Nxa5+ 1-0